000 00373nam a2200145Ia 4500
008 151213s9999 xx 000 0 und d
100 _aWorren D. Dolphin
245 _aBiological Investigations
_cWorren D. Dolphin
260 _aBoston
_bMc Graw Hill
_c2002
300 _a2032 p.
650 _aBiology
650 _aScience
700 _aWorren D. Dolphin
999 _c1489
_d1489